| 000 | 00461nam a22001817a 4500 | ||
|---|---|---|---|
| 003 | CEME | ||
| 005 | 20210628202601.0 | ||
| 008 | 210316b xxu||||| |||| 00| 0 eng d | ||
| 020 | _a969-408-120-3 | ||
| 040 | _c. | ||
| 082 | _a297.14 ABD'Z | ||
| 100 |
_aAbdi, Abdul Ullah Abdul Rahim _960606 |
||
| 245 | _aZABEIHA KEE AHHKAM-O-MASSIAL | ||
| 260 |
_aISLAMABAD _bISLAMIC _c1988 |
||
| 300 | _a355P | ||
| 650 |
_aFIQA-A-ISLAM ZABEIHA _960607 |
||
| 942 |
_cBK _2ddc |
||
| 999 |
_c570295 _d570295 |
||